Možnosti a meze emisní politiky
Centrálna banka - subjekt menovej politiky. Skúsenosti od západoeurópskych partnerov, štúdium menových teórií. Hľadanie kvantitatívnych súvislostí v peňažnej politike (kvantitatívna peňažná teória, keynesizmus, monetarizmus). Prispôsobenie kvantitatívneho pohľadu na menovú politiku. Možnosti emisnej...
Salvato in:
| Autore principale: | |
|---|---|
| Natura: | Capitolo di libro |
| Lingua: | ceco |
| Soggetti: | |
| Tags: |
Nessun Tag, puoi essere il primo ad aggiungerne!!
|
MARC
| LEADER | 00000naa a2200000 4500 | ||
|---|---|---|---|
| 001 | r016759 | ||
| 005 | 20221205090243.0 | ||
| 041 | 0 | |a cze | |
| 044 | |a CZ | ||
| 245 | 1 | 0 | |a Možnosti a meze emisní politiky |c František Vencovský |
| 520 | |a Centrálna banka - subjekt menovej politiky. Skúsenosti od západoeurópskych partnerov, štúdium menových teórií. Hľadanie kvantitatívnych súvislostí v peňažnej politike (kvantitatívna peňažná teória, keynesizmus, monetarizmus). Prispôsobenie kvantitatívneho pohľadu na menovú politiku. Možnosti emisnej politiky ČNB. | ||
| 610 | 2 | 0 | |a politika menová |
| 610 | 2 | 0 | |a emisia |
| 610 | 2 | 0 | |a politika peňažná |
| 610 | 2 | 0 | |a teória peňažná |
| 610 | 2 | 0 | |a keynesizmus |
| 610 | 2 | 0 | |a monetarizmus |
| 610 | 2 | 0 | |a zásoba peňažná |
| 610 | 2 | 0 | |a agregáty menové |
| 610 | 2 | 0 | |a ČNB Praha |
| 610 | 2 | 0 | |a banky emisné |
| 610 | 2 | 0 | |a Česko |
| 100 | 1 | |a Vencovský, František | |